LEADER 01524nam0 22003613i 450 001 VAN00273401 005 20251016095630.193 017 70$2N$a9783031229978 100 $a20240314d2023 |0itac50 ba 101 $aeng 102 $aCH 105 $a|||| ||||| 181 $ai$b e 182 $ab 183 $acr 200 1 $aVibrio spp. Infections$fSalvador Almagro-Moreno, Stefan Pukatzki 210 $aCham$cSpringer$d2023 215 $aXI, 352 p.$cill.$d24 cm 410 1$1001VAN00064096$12001 $aAdvances in Experimental Medicine and Biology$1210 $aNew York$cPlenum$d2003-$v140 620 $aCH$dCham$3VANL001889 676 $a614.4$cIgiene. Epidemiologia$v22 676 $a579$cMicrobiologia$v22 700 1$aAlmagro-Moreno$bSalvador$3VANV225689$01725889 701 1$aPukatzki$bStefan$3VANV225690$01725890 712 $aSpringer $3VANV108073$4650 801 $aIT$bSOL$c20251017$gRICA 856 4 $uhttps://link.springer.com/book/10.1007/978-3-031-22997-8$zE-book - Accesso al full-text attraverso riconoscimento IP di Ateneo, proxy e/o Shibboleth 899 $aBIBLIOTECA DEL DIPARTIMENTO DI SCIENZE E TECNOLOGIE AMBIENTALI BIOLOGICHE E FARMACEUTICHE$1IT-CE0101$2VAN17 912 $fN 912 $aVAN00273401 950 $aBIBLIOTECA DEL DIPARTIMENTO DI SCIENZE E TECNOLOGIE AMBIENTALI BIOLOGICHE E FARMACEUTICHE$d17CONS e-book 2309 $e17BIB2309/139 139 20240314 996 $aVibrio spp. Infections$94130755 997 $aUNICAMPANIA